000 00312nam a2200133 i 4500
001 bg
100 1 _aPERKOWSKI, Piotr
245 0 _aTechnika symulacji cyfrowej /
_cPiotr Perkowski.
260 _aWarszawa,
_c1980.
040 _cBPK
041 _apol
942 _cKS
008 s pl f |000 0 pol
999 _c19769
_d19769
856 _uhttp://koha.tu.koszalin.pl/cgi-bin/koha/opac-detail.pl?biblionumber=19769
_yKatalog online BPK